00514nam a2200169Ia 4500003000900000008004100009040001600050080001600066100001600082245006800098260003700166300001000203650002300213942000700236999001100243952009000254IN-BaIIA211028s9999 xx 000 0 eng d cIIA Library a528.73bJAM aClarke9140 0aOrdnance surveybaccount of the principal triangulationcClarke aLondonbPalmer and Claytonc1858 a782p. aSurvey report9141 cBK c91d91 00104070aBANbKODcGENd0000-00-00l0o528.73/ JAMp43r2021-11-05w0000-00-00yBK